01223 a2200169 45000010006000000050017000060080041000230030015000640400040000790800073001192450059001920200022002512640043002733000019003165050700003351000018010352195220260407155509.0260407a1996 arg spa dAR-UNSa-BCEJYS aAR-UNSa-BCEJYSbspacAR-UNSa-BCEJYS a657.3xPresupuestos. Cierre de Cuentas. Balances (Estados Contables)10aInterpretación y análisis de los estados contables a978-950-537-341-3 1aBuenos Aires :bEdiciones Macchic1996 a205 p.c28 cm. a1. Contenido y metodología de la obra - 2. Introducción a la teoría contable: Normas de valuación - 3. Introducción a la teoría contable: Normas de exposición ajustes extracontables para el análisis - 4. Los cambios en la posición financiera de las empresas - 5. Tipos de análisis con estados contables - 6. Caso base de análisis de estados contables - 7. Presentación de informes sobre el análisis de los estados contables - 8. Estados contables proyectados - 9. Clasificaciones vinculadas con créditos bancarios y compañías de seguros - 10. Calisificaciones de riesgo por la compra de títulos valores(acciones y obligaciones negociables) en oferta pública.1 aBiondi, Mario